Persona 4 Main Characters Quiz - Statistics

General Stats
  • This quiz has been taken 95 times
  • The average score is 7 of 8
Answer Stats
Character % Correct
Yukiko Amagi
88%
Teddie
86%
Yu Narukami
86%
Chie Satonaka
82%
Naoto Shirogane
80%
Kanji Tatsumi
77%
Yosuke Hanamura
77%
Rise Kujikawa
73%
No matching quizzes found
Score Distribution
Percent of People with Each Score
Percentile by Number Answered
Your Score History
You have not taken this quiz